Psicopatología: (Registro nro. 21555)

Detalles MARC
000 -Cabecera
Campo de control interno 00520nam a22002057a 4500
005 - Fecha y hora del registro
control field 20260314102631.0
008 - Elementos de Longitud Fija
fixed length control field 260314b |||||||| |||| 00| 0 spa d
041 ## - Idioma
Codigo Idioma ESP
082 ## - DEWEY y NOTACIÓN INTERNA
Dewey 616.89
Notación Interna S26
100 ## - AUTOR
Autor denominación Sarason, Irwin G.
245 ## - TÍTULO DE MATERIAL BIBLIOGRÁFICO
Título Psicopatología:
Título paralelo psicología anormal el problema de la conducta inadaptada
260 ## - CIUDAD, EDITORIAL, AÑO
Ciudad :
Nombre de la Editorial ,
Año 2006
300 ## - DESCRIPCIÓN
N° Páginas xxii, 676 páginas :
Otros detalles ;
Dimensiones 27 cm.
440 ## - MENCIÓN DE SERIE
Título de la Serie ;
650 ## - TEMAS
Temas Generalidades
654 ## - PROGRAMAS
Programa Dpto. de Psicología
700 ## - OTROS AUTORES
Otros autores ;
942 ## - ELEMENTOS DE KOHA
Tipo de documento Libro
Nombre del creador Justo Noguera
Código de catalogador Justo Noguera
Esquema de clasificación Dewey Decimal Classification
Existencias
Codigo completo Registro Colección Copia número Disponibilidad Tipo de préstamo Biblioteca Actual Procedencia (Biblioteca) Ubicacón Fecha Ingreso Tipo de Adquisición Date last seen Total checkouts Price effective from Tipo de Item Estado del Material Fuente de Clasificación Damaged status Withdrawn status
616.89 S26 1030681 Universidad Católica San Pablo 1 Disponible Disponible Víctor Andrés Belaunde Víctor Andrés Belaunde Planta baja abierta 14/03/2026 Compra 14/03/2026   14/03/2026 Libro Bueno Dewey Decimal Classification